Nicaragua: liberales vendiendo optimismo
Збережено в:
| Формат: | Текст |
|---|---|
| Предмети: | |
| Теги: |
Додати тег
Немає тегів, Будьте першим, хто поставить тег для цього запису!
|
MARC
| LEADER | 00000 a a2200000 04500 | ||
|---|---|---|---|
| 001 | 6271 | ||
| 003 | |||
| 040 | |||
| 245 | |a Nicaragua: |b liberales vendiendo optimismo | ||
| 650 | |a DEMOCRATIZACION | ||
| 650 | |a COMPORTAMIENTO POLITICO | ||
| 773 | |g volumen 19, número 846; páginas 8-10 | ||
| 999 | |c 38637 |d 38637 | ||
